AYET AYET HAYAT •D1 ¨238 (Record no. 1087279)

MARC details
000 -LEADER
sabit uzunluktaki kontrol alanı 00265nam a2200097Ia 4500
001 - KONTROL NUMARASI
kontrol alanı 1087279
005 - EN SON İŞLEMİN TARİH VE ZAMANI
kontrol alanı 20250827002656.0
008 - SABİT-UZUNLUKTA VERİ ÖĞELERİ--GENEL BİLGİ
sabit uzunluktaki kontrol alanı 250824s9999 xx 000 0 und d
245 #0 - ESER / YAZAR
ESER ADI AYET AYET HAYAT •D1 ¨238
Yazar Adı YAVUZ BAHADIROĞLU
260 ## - YAYIN, DAĞITIM, VB.
YAYIN EVİ PANAMA YAYINLARI
Holdings
Düşüm durumu Kayıp durumu Hasar Durumu Ödünç verilmez Ana kütüphane Geçerli Kütüphane Edinilen tarih Toplam ödünç verme sayısı Barkod Son görüntüleme tarihi Fiyatın geçerli olmaya başladığı tarih Koha materyal türü
        CUMHURİYET MAHALLESİ AHMET HAŞHAŞ ORTAOKULU CUMHURİYET MAHALLESİ AHMET HAŞHAŞ ORTAOKULU 24.08.2025   10831604 27.08.2025 27.08.2025 Books